Introduction to ophthalmoscopy / (Record no. 5551)

000 -LEADER
fixed length control field 00775cam a2200253 i 4500
001 - CONTROL NUMBER
control field 3650654
003 - CONTROL NUMBER IDENTIFIER
control field OSt
005 - DATE AND TIME OF LATEST TRANSACTION
control field 20220420112512.0
008 - FIXED-LENGTH DATA ELEMENTS--GENERAL INFORMATION
fixed length control field 780203s1976 miua 000 0 eng
010 ## - LIBRARY OF CONGRESS CONTROL NUMBER
LC control number 76000520
040 ## - CATALOGING SOURCE
Original cataloging agency DLC
Transcribing agency ALU[E UNIVERSITY
Modifying agency DLC
050 00 - LIBRARY OF CONGRESS CALL NUMBER
Classification number RE78
Item number .P38
082 00 - DEWEY DECIMAL CLASSIFICATION NUMBER
Classification number 617.71
100 1# - MAIN ENTRY--PERSONAL NAME
Personal name Paton, David.
245 10 - TITLE STATEMENT
Title Introduction to ophthalmoscopy /
Statement of responsibility, etc. David Paton, Barry N. Hyman, Johnny Justice, Jr.
260 ## - PUBLICATION, DISTRIBUTION, ETC.
Place of publication, distribution, etc. Kalamazoo, Mich. :
Name of publisher, distributor, etc. Upjohn Co.,
Date of publication, distribution, etc. c1976.
300 ## - PHYSICAL DESCRIPTION
Extent 92 p. :
Other physical details col. ill. ;
Dimensions 29 cm.
500 ## - GENERAL NOTE
General note "A Scope publication."
650 #0 - SUBJECT ADDED ENTRY--TOPICAL TERM
Topical term or geographic name entry element Ophthalmoscopy.
700 1# - ADDED ENTRY--PERSONAL NAME
Personal name Hyman, Barry N.,
Relator term joint author.
700 1# - ADDED ENTRY--PERSONAL NAME
Personal name Justice, Johnny,
Relator term joint author.
906 ## - LOCAL DATA ELEMENT F, LDF (RLIN)
a 7
b cbc
c orignew
d 2
e ocip
f 19
g y-gencatlg
942 ## - ADDED ENTRY ELEMENTS (KOHA)
Source of classification or shelving scheme
Koha item type Book
Suppress in OPAC AB
Holdings
Withdrawn status Lost status Source of classification or shelving scheme Damaged status Not for loan Permanent Location Current Location Shelving location Date acquired Source of acquisition Total Checkouts Full call number Barcode Date last seen Price effective from Koha item type Public note
          AU LIBRARY AU LIBRARY Open Shelf 20.04.2022 DONATION FROM MOI UNIVERSITY   RE78 .P38 1976 28007982 20.04.2022 20.04.2022 Book AB

Powered by Koha